00945cam a22002771 4500001001300000003000400013005001700017008004100034010001700075035002000092040001800112041001100130042001200141050001700153100003200170245002600202260001000228300002300238500012000261500006500381650003200446700003600478700004500514740009100559999001700650sa 68012545 DLC20260227112611.0891013m19519999ii c 000 0 sano  asa 68012545  a(OCoLC)20488416 aDLCcWaUdDLC0 asanmar apremarc00aPK541b.B4890 aBhaṭṭojī Dīkṣita.10aPrauḍha manoramā. c1951- av.bports.c19 cm. aA commentary on the author's Siddhānta kaumadi, which is in turn a commentary on Pānini's Aṣṭādhyāyī. aIn Sanskrit ; introductory matter and commentary in Marathi. 0aSanskrit languagexGrammar.0 aHaridīkṣita.tŚabdaratna.1 aWadegaonkar, Narayan Dajiba,d1871-1950.0 aManoramā va śabdaratna yāñcẽ vivaranātmaka Marāṭhī bhāshāntara. c84584d84584